Soccer Logos - Random International - Statistics

General Stats
  • This quiz has been taken 784 times
    559 since last reset
  • The average score is 17 of 20
Answer Stats
Picture Answer % Correct
Italy
100%
Portugal
99%
Brazil
98%
England
98%
Norway
98%
United States
98%
France
97%
Germany
97%
Greece
97%
Argentina
96%
Belgium
96%
Iran
96%
Sweden
96%
Albania
95%
Spain
95%
Turkey
95%
Wales
95%
Canada
94%
Ireland
94%
Netherlands
94%
Uruguay
94%
Austria
93%
Croatia
93%
Australia
91%
Cameroon
91%
Colombia
91%
Ghana
90%
Japan
90%
Scotland
90%
Jamaica
88%
Mexico
88%
Peru
88%
Venezuela
87%
Tunisia
86%
Hungary
84%
Poland
84%
Slovakia
84%
Morocco
83%
Ukraine
83%
Denmark
81%
Slovenia
80%
Ecuador
78%
Switzerland
78%
Egypt
76%
South Korea
75%
Senegal
74%
Iceland
72%
Chile
71%
Bolivia
70%
Serbia
70%
Romania
69%
Czech Republic
68%
Algeria
64%
Israel
62%
Paraguay
53%
Nigeria
48%
Georgia
45%
Costa Rica
35%
No matching quizzes found
Score Distribution
Percent of People with Each Score
Percentile by Number Answered
Your Score History
You have not taken this quiz since the last reset